Jane Seymour - Statistics

General Stats
  • This quiz has been taken 19 times
  • The average score is 6 of 23
Answer Stats
Question Answer % Correct
Anne Boleyn
100%
Name Jane's only child. Edward VI
100%
Who did Jane serve at Court before becoming Queen? Katherine of Aragon
88%
Who acted as Chief Mourner during Jane's funeral? Mary I
56%
Jane was one of how many children in her family? Eight
50%
How were Anne Boleyn and Jane Seymour related? Second Cousins
50%
While pregnant, Jane had a craving for what animal? Quail
44%
What rebellion occurred during Jane's brief reign? The Pilgrimage of Grace
31%
What was Jane's motto as Queen? Bound to Obey and Serve
25%
Why was Jane never crowned as Queen? Plague
25%
Compared to Katherine of Aragon and Jane Boleyn, Jane's education was what? Basic
19%
Much like Katherine of Aragon, Jane was a devout what? Roman Catholic
19%
Jane was the only one of Henry's wives to be given what? A state funeral
13%
How long was Jane Queen for? Eighteen months
6%
Jane sought to bring about a reconciliation between Henry and who? His daughter Mary
6%
What bird was depicted on her heraldic badge? Phoenix
6%
What did Henry grant Jane upon their marriage? 104 manors
0%
Jane quite possibly suffered from what? Anaemia
0%
When did Henry begin pursuing Jane? Possibly late 1535
0%
The closing of the monasteries
0%
What were the rebels protesting? The Protestant Reformation
0%
How long after Anne's death did Henry and Jane marry? Twelve days
0%
Before catching the eye of Henry VIII, Jane was almost betrothed to who? William Dormer
0%
No matching quizzes found
Score Distribution
Percent of People with Each Score
Percentile by Number Answered
Your Score History
You have not taken this quiz